| 000 | 01443nam0a22003131 4500 | ||
|---|---|---|---|
| 001 | rc\270236 | ||
| 005 | 20260407065300.0 | ||
| 035 | _a(NLR Aleph) 005480732 | ||
| 090 |
_a5120756 _c5120756 |
||
| 100 | _a20030307d1990 |||y0rusy50 ca | ||
| 101 | 0 | _arus | |
| 102 | _aRU | ||
| 105 | _aa ||||||||| | ||
| 200 | 1 |
_aПокайся, Арлекин! _f[Ил. С. Алексеева] _gМЖК "Отрар" |
|
| 210 |
_a[Алма-Ата] _cПК "Экспресс-печать" изд-ва "Кайнар" _d1990 |
||
| 215 |
_a14 с. _cил. _d20 |
||
| 225 | 1 | _aЗарубежная фантастика | |
| 225 | 1 | _aКнижка-минутка | |
| 327 | 1 | _aСодерж.: Покайся, Арлекин! / Х. Эллисон. Последний король / Р. Бредбери | |
| 464 | 0 |
_12001#$aПокайся, Арлекин! _1700#1$aЭллисон$bХ. _tПокайся, Арлекин! _aЭллисон, Х. |
|
| 464 | 0 |
_12001#$aПоследний король _1700#1$aБрэдбери$bР.$gРэй$f1920-2012$3RU\NLR\AUTH\7716011 _tПоследний король _aБрэдбери, Рэй (1920-2012) |
|
| 700 | 1 |
_7ca _8rus _aЭллисон _bХ. _f1934-2018 _gХарлан _9253345 _3RU\NLR\AUTH\770253401 |
|
| 701 | 1 |
_7ca _8rus _aБрэдбери _bР. _f1920-2012 _gРэй _9125656 _3RU\NLR\AUTH\7716011 |
|
| 801 | 0 |
_aRU _bNLR _gpsbo |
|
| 801 | 1 |
_aRU _bELAR _2rusmarc |
|
| 852 |
_aNLR _j90-4/16226 |
||
| 942 | _cBOOK | ||
| 980 | _aNB | ||